| 000 | 01160nam a2200361 a 4500 | ||
|---|---|---|---|
| 001 | vtls000068375 | ||
| 003 | NLI | ||
| 005 | 20210601192629.0 | ||
| 008 | 101125s1970 pauad 001 0 eng | ||
| 020 | _cUSD 3.95 | ||
| 039 | 9 |
_y201011250707 _zVLOAD |
|
| 040 |
_aNLI _beng _cVTLS _eAACR2 |
||
| 041 | 0 | _aeng | |
| 044 | _apau | ||
| 082 | 0 | 4 | _a510.2454 |
| 100 | 1 |
_aMasterton, William L. _9165259 |
|
| 245 | 1 | 0 |
_aMathematical preparation for general chemistry / _cWilliam L. Masterton and Emil J. Slowinski |
| 260 |
_aPhiladelphia : _bW. B. Saunders, _c1970 |
||
| 300 |
_avii, 235 p. : _bill., charts ; _c23 cm. |
||
| 440 | 0 |
_aSaunder Golden series _9165260 |
|
| 500 | _aIncludes index | ||
| 650 | 0 |
_aMathematics _91025 |
|
| 650 | 0 |
_aChemistry _92561 |
|
| 700 | 1 |
_aSlowinski, Emil J., _4jt. aut _9165261 |
|
| 887 | _a sunita | ||
| 901 |
_a397774 _b14.08.1970 |
||
| 902 | _aE510.2454 M394 | ||
| 905 | _asunita | ||
| 906 | _a0005769 | ||
| 949 |
_AVIRTUAITEM _D10000 _X100 _6PUR000397774ENG |
||
| 942 |
_2ddc _cBKS |
||
| 999 |
_aVTLSSORT0080*0200*0400*0410*0440*0820*1000*2450*2600*3000*4400*5000*6500*6501*7000*9010*9020*9050*9060*9490*9991 _c72003 _d72003 |
||
| 999 | _aVIRTUA00 | ||